[Event "Primorsko op"]
[Site "Primorsko"]
[Date "1987.??.??"]
[Round "7"]
[White "Chilingirova, Pavlina"]
[Black "Kereszturi, Sara"]
[Result "1-0"]
[WhiteElo "2245"]
[BlackElo "2140"]

1.Nf3 Nf6 2.c4 g6 3.g3 Bg7 4.Bg2 O-O 5.O-O c5 6.Nc3 Nc6 7.d4 d6 8.dxc5 dxc5
9.Be3 Be6 10.Nd2 Nd4 11.Bxd4 cxd4 12.Nce4 Nxe4 13.Bxe4 Rb8 14.Qa4 a6 15.Rab1 Bh6
16.Rfd1 Qc7 17.Rbc1 Rfd8 18.Rc2 Qe5 19.f4 Qc7 20.Nf3 Bg7 21.c5 Bd5 22.Bxd5 Rxd5
23.Qc4 Rbd8 24.e4 R5d7 25.e5 d3 26.Rcd2 Rc8 27.b4 a5 28.a3 axb4 29.axb4 b6
30.e6 fxe6 31.Qxe6+ Kh8 32.cxb6 Qb7 33.Rxd3 Rxd3 34.Rxd3 Qa6 35.Rd1 Bf6 36.Ne5 Kg7
37.b5 Qa4 38.Qf7+ Kh8 39.Qd5 Rb8 40.Nd7  1-0

[Event "Pucarevo zt"]
[Site "Pucarevo"]
[Date "1987.??.??"]
[Round "6"]
[White "Rukavina, Josip"]
[Black "Grivas, Efstratios"]
[Result "1/2-1/2"]
[WhiteElo "2485"]
[BlackElo "2375"]

1.Nf3 Nf6 2.c4 g6 3.g3 Bg7 4.Bg2 O-O 5.d4 d6 6.O-O Nbd7 7.Qc2 e5 8.Rd1 Re8
9.Nc3 c6 10.e4 exd4 11.Nxd4 Qb6 12.Bf4 Ne5 13.Na4 Qc7 14.c5 dxc5 15.Nxc5 Qe7
16.h3 Nfd7 17.Ncb3 a5 18.Rac1 a4 19.Nd2 Nf8 20.Be3 Ne6 21.Nb1 Nxd4 22.Bxd4 Be6
23.f4 Nd7 24.Nc3 a3 25.b3 Bxd4+ 26.Rxd4 f6 27.Rcd1 Nf8 28.Na4 Red8 29.Qd2 Rxd4
30.Qxd4 Bf7 31.f5 Kg7 32.g4 g5 33.Qb6 Ra6 34.Qc5 Qxc5+ 35.Nxc5 Ra7 36.Rd6 b6
37.Na4 Bxb3 38.axb3 a2 39.Rd1 b5 40.Ra1 bxa4 41.Rxa2 a3 42.e5 fxe5 43.Bxc6 Kf6
44.Ba4 h5 45.Rxa3 hxg4 46.hxg4 Nd7 47.Ra2 Nb6 48.Rh2 Nxa4 49.Rh6+ Kg7 50.Rg6+ Kf7
51.bxa4 Rxa4 52.Rxg5 Rf4 53.Kg2 e4 54.Rg6 e3 55.Kg3 Re4 56.Re6 Rxe6  1/2-1/2

[Event "FRA-ch"]
[Site "Rouen"]
[Date "1987.??.??"]
[Round "1"]
[White "Benoit, Michel"]
[Black "Bernard, Christophe"]
[Result "0-1"]
[WhiteElo "2240"]
[BlackElo "2330"]

1.Nf3 Nf6 2.g3 g6 3.Bg2 Bg7 4.c4 O-O 5.O-O Nc6 6.d4 d6 7.Nc3 a6 8.h3 Rb8
9.Be3 b5 10.Nd2 Bd7 11.cxb5 axb5 12.Rc1 b4 13.Ncb1 Na5 14.b3 c6 15.f4 Nd5
16.Bf2 Nc7 17.e4 Qc8 18.Kh2 Qa6 19.Nf3 Nb5 20.Qd2 Rfc8 21.Rfe1 Nb7 22.Bf1 Ra8
23.Rc2 Qa5 24.g4 Be8 25.Bc4 Nc3 26.Nxc3 bxc3 27.Qe2 e6 28.Bd3 c5 29.d5 Bd7
30.Bc4 exd5 31.Bxd5 Bc6 32.Qc4 Bxd5 33.Qxd5 Qc7 34.f5 Qc6 35.Qd3 c4 36.bxc4 Qxc4
37.Qxc4 Rxc4 38.fxg6 hxg6 39.Bg3 Nc5 40.Bxd6 Nxe4 41.Be5 Ra5 42.Bxg7 Kxg7
43.Rd1 Rca4 44.Ra1 Rb5 45.Kg2 Rb2 46.Ne1 Nc5 47.Kf1 Nb3 48.axb3 Rxa1 49.Rxc3 Rbb1
50.Re3 Ra2 51.h4 Rh2  0-1

[Event "FRA-ch"]
[Site "Rouen"]
[Date "1987.??.??"]
[Round "3"]
[White "Thebault, Bernard"]
[Black "Bernard, Christophe"]
[Result "0-1"]
[WhiteElo "2200"]
[BlackElo "2330"]

1.Nf3 Nf6 2.g3 g6 3.Bg2 Bg7 4.c4 O-O 5.Nc3 d6 6.d4 Nbd7 7.O-O e5 8.e4 c6
9.h3 Qa5 10.d5 cxd5 11.cxd5 b5 12.Nd2 b4 13.Nb3 Qd8 14.Nb1 a5 15.Be3 Nb6
16.N1d2 Nfd7 17.g4 a4 18.Nc1 Ba6 19.Re1 Rc8 20.Bf1 Bxf1 21.Rxf1 f5 22.f3 fxe4
23.fxe4 Qh4 24.Rxf8+ Rxf8 25.Kg2 Bh6 26.Nf3 Nc4 27.Bf2 Qf6 28.Nd3 Be3 29.Qe2 Bxf2
30.Qxf2 Nc5 31.Nxc5 dxc5 32.Qg3 Ne3+ 33.Kf2 Nxd5 34.exd5 e4 35.Kg1 exf3 36.Qf2 Qf4
37.Rd1 h5 38.gxh5 Rf5 39.Qxc5 Qg3+  0-1

[Event "Sarajevo"]
[Site "Sarajevo"]
[Date "1987.??.??"]
[Round "?"]
[White "Vaganian, Rafael A"]
[Black "Cvitan, Ognjen"]
[Result "1-0"]
[WhiteElo "2590"]
[BlackElo "2500"]

1.Nf3 Nf6 2.c4 g6 3.g3 Bg7 4.Bg2 O-O 5.d4 d6 6.Nc3 c6 7.O-O Qa5 8.h3 Be6
9.d5 cxd5 10.Nd4 Bd7 11.cxd5 Rc8 12.Nb3 Qd8 13.Be3 a5 14.a4 Na6 15.Bd4 Rc4
16.e3 Ne8 17.Re1 Rb4 18.Bf1 Bxd4 19.exd4 Nf6 20.Ra3 Nc7 21.Qf3 b5 22.axb5 Nxb5
23.Bxb5 Bxb5 24.Nxa5 Be8 25.Nc6 Bxc6 26.dxc6 Rxa3 27.bxa3 Rxd4 28.c7 Qxc7
29.Nb5 Qa5 30.Rxe7 Re4 31.Rxe4 Nxe4 32.Qxe4 Qxb5 33.a4 Qa5 34.Kg2 Kf8 35.g4 h5
36.Qd4 hxg4 37.hxg4 Ke7 38.Kf3 Kd7 39.Ke2 Qa6+ 40.Kd2 Qa5+ 41.Kd3 Qe1 42.Qa7+ Kc6
43.Qa6+ Kc7 44.Qc4+ Kd8 45.Qf4 Qd1+ 46.Kc3 Qa1+ 47.Kc2 Qa2+ 48.Kd3 Qa3+ 49.Ke2 Qa2+
50.Kf3 Qb3+ 51.Kg2 Qd5+ 52.Qf3 Qc4 53.a5 d5 54.Qf6+ Kc8 55.Kg3 d4 56.a6 d3
57.Qd6 Qc7 58.Qxc7+ Kxc7 59.Kf3 Kb6 60.Ke3 Kxa6 61.Kxd3 Kb6 62.Kd4 Kc6 63.Ke5 Kd7
64.Kf6 Ke8 65.f3 Kf8 66.f4 Kg8 67.Ke7 Kg7 68.f5  1-0

[Event "URS-FL"]
[Site "Sverdlovsk"]
[Date "1987.??.??"]
[Round "?"]
[White "Pigusov, Evgeny"]
[Black "Yermolinsky, Alex"]
[Result "1/2-1/2"]
[WhiteElo "2520"]
[BlackElo "2445"]

1.Nf3 Nf6 2.c4 g6 3.g3 Bg7 4.Bg2 O-O 5.d4 d5 6.cxd5 Nxd5 7.O-O Nb6 8.Nc3 Nc6
9.e3 Re8 10.d5 Na5 11.Nd4 Bd7 12.e4 c6 13.b3 cxd5 14.exd5 e6 15.dxe6 Bxe6
16.Be3 Bd5 17.Rc1 Bxg2 18.Kxg2 Nd5 19.Nxd5 Qxd5+ 20.Nf3 Qe4 21.Qc2 Qxc2 22.Rxc2 Nc6
23.Rd1 Rad8 24.Rcd2 a6 25.Rxd8  1/2-1/2

[Event "URS-FL"]
[Site "Sverdlovsk"]
[Date "1987.??.??"]
[Round "?"]
[White "Pigusov, Evgeny"]
[Black "Loginov, Valery A"]
[Result "1-0"]
[WhiteElo "2520"]
[BlackElo "2355"]

1.Nf3 Nf6 2.c4 g6 3.g3 Bg7 4.Bg2 O-O 5.d4 d6 6.O-O Nc6 7.Nc3 e5 8.d5 Ne7
9.e4 Nd7 10.b4 a5 11.Ba3 axb4 12.Bxb4 Bh6 13.a4 Kh8 14.Nd2 f5 15.Nb3 Nf6
16.exf5 gxf5 17.c5 Ng6 18.cxd6 cxd6 19.Nb5 Ne8 20.Nd2 Ra6 21.Re1 Rf7 22.Nc4 f4
23.Nc3 Nf6 24.Ne4 Nxe4 25.Bxe4 fxg3 26.fxg3 Bd7 27.a5 Qf6 28.Qe2 Bh3 29.Bxd6 Rxd6
30.Nxd6 Qxd6 31.Qh5 Bd2 32.Bxg6 Qxg6 33.Qxh3 Bxe1 34.Rxe1 Qc2 35.Qg2 Qc5+
36.Kh1 Qxa5 37.Qe4 Qc7 38.Qxe5+ Qxe5 39.Rxe5 b5 40.Re8+ Kg7 41.Rb8  1-0

[Event "URS-FL"]
[Site "Sverdlovsk"]
[Date "1987.??.??"]
[Round "?"]
[White "Pigusov, Evgeny"]
[Black "Tukmakov, Vladimir B"]
[Result "1/2-1/2"]
[WhiteElo "2520"]
[BlackElo "2580"]

1.c4 Nf6 2.Nf3 g6 3.g3 Bg7 4.Bg2 O-O 5.d4 d6 6.O-O Nc6 7.Nc3 Bf5 8.Ne1 Qc8
9.e4 Bh3 10.Nc2 Bxg2 11.Kxg2 e5 12.d5 Ne7 13.f3 a5 14.Be3 Nd7 15.a3 f5 16.Qd2 Kh8
17.Ne1 b6 18.Nd3  1/2-1/2

[Event "BCF-ch"]
[Site "Swansea"]
[Date "1987.??.??"]
[Round "?"]
[White "McNab, Colin Anderson"]
[Black "Lane, Gary W"]
[Result "1-0"]
[WhiteElo "2435"]
[BlackElo "2285"]

1.Nf3 Nf6 2.c4 g6 3.g3 Bg7 4.Bg2 O-O 5.O-O d6 6.d4 Nc6 7.Nc3 a6 8.Bd2 e5
9.d5 Nd4 10.Ne1 Rb8 11.e3 Nf5 12.Nd3 Qe7 13.Qc2 h5 14.h3 e4 15.Nf4 Re8 16.Nfe2 c5
17.a4 b6 18.Ra3 Nh6 19.Nb1 a5 20.Bc3 Nh7 21.Bxg7 Kxg7 22.Nd2 Bf5 23.Nc3 Ng5
24.h4 Nf3+ 25.Bxf3 exf3 26.e4 Bh3 27.Re1 Bg2 28.Ne2 g5 29.Qc3+ Kh7 30.hxg5 Qxg5
31.Nxf3 Bxf3 32.Qxf3 Qd2 33.Raa1 Qxb2 34.Nc3 Qd2 35.Re3 Qd4 36.Qxh5 Rg8 37.Kg2 Rg6
38.Rh1 Qxc4 39.Rh4 Qb3 40.Rf3 f6 41.Nb5 Qb2 42.Nxd6 Qe5 43.Nf5 c4 44.Rff4 c3
45.Qxh6+ Rxh6 46.Rxh6+ Kg8 47.Rg4+  1-0

[Event "BCF-ch"]
[Site "Swansea"]
[Date "1987.??.??"]
[Round "?"]
[White "McNab, Colin Anderson"]
[Black "Kinsman, Andrew PH"]
[Result "1/2-1/2"]
[WhiteElo "2435"]
[BlackElo "2295"]

1.c4 Nf6 2.Nf3 g6 3.g3 Bg7 4.Bg2 O-O 5.O-O c6 6.d4 d5 7.b3 Ne4 8.Bb2 a5 9.Nbd2 Nxd2
10.Qxd2 Bf5 11.Rac1 Be4 12.Rfe1 Nd7 13.cxd5 cxd5 14.Qf4 a4 15.Qc7 axb3 16.axb3 Rc8
17.Qxb7 Rb8 18.Qa7 Rxb3 19.Ba1 Rb8 20.Rc7 Ra8 21.Qb7 Rb8 22.Qc6 Rc8 23.Rc1 Rxc7
24.Qxc7 Qxc7 25.Rxc7 Rd8 26.Bc3 e6 27.h4 h6 28.Kh2 Bf8 29.Rb7 Bxf3 30.Bxf3 Nf6
31.Bd2 Rc8 32.Bf4 Rd8 33.Kg2 Kg7 34.g4 h5 35.g5 Ne8 36.Ra7 Bd6 37.Bd2 Bb8
38.Ra2 Nd6 39.e3 Nf5 40.Kh3 Bd6 41.Bd1 Rb8 42.Bc2 Rb6 43.Bc3  1/2-1/2

[Event "BCF-ch"]
[Site "Swansea"]
[Date "1987.??.??"]
[Round "?"]
[White "McNab, Colin Anderson"]
[Black "Agnos, Demetrios"]
[Result "1-0"]
[WhiteElo "2435"]
[BlackElo "2330"]

1.Nf3 Nf6 2.c4 g6 3.g3 Bg7 4.Bg2 O-O 5.O-O d6 6.d4 a6 7.Nc3 Nc6 8.Bd2 e5
9.d5 Ne7 10.b4 Nh5 11.Qb3 f5 12.c5 h6 13.Rad1 g5 14.Bc1 f4 15.Ne4 g4 16.Nfd2 Nf5
17.Nc4 Nd4 18.Rxd4 exd4 19.cxd6 cxd6 20.Ncxd6 b6 21.Nxc8 Rxc8 22.d6+ Kh8
23.Qd5 Rxc1 24.Rxc1 Nf6 25.Qe6 Nxe4 26.Bxe4 Qg5 27.Rc8 fxg3 28.hxg3 a5 29.d7  1-0

[Event "URS Army-ch"]
[Site "Tashkent"]
[Date "1987.??.??"]
[Round "?"]
[White "Pigusov, Evgeny"]
[Black "Krasenkow, Michal"]
[Result "1/2-1/2"]
[WhiteElo "2520"]
[BlackElo "2420"]

1.Nf3 Nf6 2.c4 g6 3.g3 Bg7 4.Bg2 O-O 5.O-O d5 6.cxd5 Nxd5 7.d4 Nb6 8.Nc3 Nc6
9.e3 e5 10.d5 Na5 11.e4 c6 12.Bg5 f6 13.Be3 cxd5 14.exd5 Bg4 15.h3 Bxf3 16.Bxf3 f5
17.Rc1 Rf7 18.b3 e4 19.Nxe4 fxe4 20.Bxe4 Rd7 21.Qg4 Nxd5 22.Rfd1 Nf6 23.Qe6+ Kh8
24.Rxd7 Qxd7 25.Qxd7 Nxd7 26.Rc7 Nf6 27.Bf3 Ne8 28.Rd7 Nf6 29.Rc7 Ne8 30.Rd7  1/2-1/2

[Event "URS Army-ch"]
[Site "Tashkent"]
[Date "1987.??.??"]
[Round "?"]
[White "Pigusov, Evgeny"]
[Black "Yurtaev, Leonid"]
[Result "1/2-1/2"]
[WhiteElo "2545"]
[BlackElo "2505"]

1.Nf3 Nf6 2.c4 g6 3.g3 Bg7 4.Bg2 O-O 5.d4 d6 6.O-O Nbd7 7.Nc3 e5 8.e4 exd4
9.Nxd4 Nc5 10.h3 Re8 11.Re1 h6 12.Rb1 Ne6 13.Nde2 Ng5 14.Nf4 Bd7 15.Bd2 Qc8
16.Kh2 Re5 17.f3 a6 18.Rc1 Qd8 19.Nd3 Re8 20.f4 Ne6 21.e5 dxe5 22.Nxe5 Rb8
23.Nd5 c5 24.Nxf6+ Bxf6 25.Be3 Nd4 26.Bxd4 cxd4 27.Qxd4 Be6 28.Qf2 Qa5 29.b3 Red8
30.Re2 Kg7 31.Qe1 Qa3 32.Rcc2 a5 33.c5 Rbc8 34.c6 bxc6 35.Nxc6 Bf5 36.Be4 Rd6  1/2-1/2

[Event "Nordic-ch"]
[Site "Torshavn"]
[Date "1987.??.??"]
[Round "?"]
[White "Olafsson, Helgi"]
[Black "Mortensen, Erling"]
[Result "1-0"]
[WhiteElo "2540"]
[BlackElo "2450"]

1.Nf3 Nf6 2.c4 g6 3.g3 Bg7 4.Bg2 O-O 5.d4 c6 6.Nc3 d6 7.O-O Qa5 8.h3 e5 9.e4 Nbd7
10.Re1 exd4 11.Nxd4 Ne5 12.Bf1 Re8 13.Be3 Be6 14.Nxe6 Rxe6 15.f4 Ned7 16.Bf2 Rae8
17.Qc2 Nc5 18.Bg2 Nfd7 19.g4 Qb4 20.Rad1 Qxc4 21.Bf1 Qb4 22.a3 Qa5 23.e5 Nxe5
24.fxe5 Rxe5 25.Rxe5 Bxe5 26.b4 Qxa3 27.bxc5 Qxc3 28.Qxc3 Bxc3 29.cxd6 Ra8
30.d7 Bf6 31.Rb1 a5 32.Rxb7 a4 33.Bc4 a3 34.Bxf7+ Kf8 35.Bc5+ Be7 36.d8=Q+  1-0

[Event "Nordic-ch"]
[Site "Torshavn"]
[Date "1987.??.??"]
[Round "?"]
[White "Hansen, Curt"]
[Black "Mortensen, Erling"]
[Result "0-1"]
[WhiteElo "2550"]
[BlackElo "2450"]

1.Nf3 Nf6 2.c4 g6 3.g3 Bg7 4.Bg2 O-O 5.O-O d6 6.d4 c6 7.Nc3 Qa5 8.h3 e5 9.e4 Nbd7
10.Re1 exd4 11.Nxd4 Ne5 12.Bf1 Re8 13.Be3 Be6 14.Nxe6 Rxe6 15.Kg2 Rae8 16.f3 a6
17.a3 b5 18.cxb5 axb5 19.b4 Qd8 20.a4 bxa4 21.Rxa4 d5 22.exd5 Nxd5 23.Nxd5 Rd6
24.Bb6 Qd7 25.Ra7 Qe6 26.Ne7+ Rxe7 27.Ra8+ Bf8 28.Qa1 Rd2+ 29.Bf2 Qd5 30.Re4 Re6
31.Rf4 Nd3 32.Bxd3 Qxd3 33.Re4 Rxe4 34.fxe4 Qxe4+ 35.Kg1 Qd5 36.Qc3 Rd3 37.Rxf8+ Kxf8
38.Qh8+ Ke7 39.g4 Rd1+ 40.Kh2  0-1

[Event "Vrsac"]
[Site "Vrsac"]
[Date "1987.??.??"]
[Round "?"]
[White "Barlov, Dragan"]
[Black "Cvitan, Ognjen"]
[Result "1/2-1/2"]
[WhiteElo "2555"]
[BlackElo "2510"]

1.Nf3 Nf6 2.c4 g6 3.g3 Bg7 4.Bg2 O-O 5.O-O d5 6.cxd5 Nxd5 7.d4 Nb6 8.Qc2 Nc6
9.e3 Bf5 10.Qb3 a5 11.Bd2 a4 12.Qd1 Qc8 13.Bc3 Rd8 14.Qc1 Nd5 15.Rd1 e5 16.dxe5 Nxc3
17.Nxc3 Rxd1+ 18.Qxd1 Bg4 19.Qc2 Bxf3 20.Bxf3 Nxe5 21.Bg2 a3 22.b3 c6 23.Rd1 Qf8
24.Qd2 f5 25.Ne2 Bf6 26.Nd4 Rd8 27.b4 Qf7 28.Rc1 Nc4 29.Qc3 Nd6 30.Qxa3 Bxd4
31.exd4 Nb5 32.Qa5 Rxd4 33.a4 Nd6 34.Qb6 Qf6 35.a5 f4 36.a6 bxa6 37.Bxc6 Kg7
38.Bg2 Rd2 39.Qc5 Qd4 40.Qxd4+ Rxd4 41.Rb1 h5  1/2-1/2

[Event "Vrsac"]
[Site "Vrsac"]
[Date "1987.??.??"]
[Round "?"]
[White "Geller, Efim P"]
[Black "Tseshkovsky, Vitaly"]
[Result "1/2-1/2"]
[WhiteElo "2515"]
[BlackElo "2485"]

1.Nf3 Nf6 2.c4 g6 3.g3 Bg7 4.Bg2 O-O 5.O-O d5 6.cxd5 Nxd5 7.d4 Nb6 8.Nc3 Nc6
9.d5 Na5 10.e4 c6 11.Re1 Re8 12.h3  1/2-1/2

[Event "Zuerich op"]
[Site "Zuerich"]
[Date "1987.??.??"]
[Round "2"]
[White "Fioramonti, Hung"]
[Black "Tolnai, Tibor"]
[Result "0-1"]
[WhiteElo "2205"]
[BlackElo "2410"]

1.Nf3 Nf6 2.g3 g6 3.Bg2 Bg7 4.c4 O-O 5.Nc3 d5 6.cxd5 Nxd5 7.O-O Nc6 8.Nxd5 Qxd5
9.d3 Qb5 10.Qc2 a5 11.Rd1 a4 12.d4 Bg4 13.Be3 Rad8 14.b3 axb3 15.axb3 Bf5
16.Qc4 Qxc4 17.bxc4 Bc2 18.Rd2 Be4 19.Rc1 Bxf3 20.Bxf3 Bxd4 21.Bxc6 Bxe3
22.Rxd8 Rxd8 23.fxe3 bxc6 24.Kf2 Kg7 25.Ra1 Rb8 26.Ra6 Rb6 27.Ra7 Rb4 28.c5 Rc4
29.Rxc7 Rxc5 30.Rxe7 Kf6 31.Rc7 Rc1 32.e4 h5 33.Ke3 Ke6 34.h4 c5 35.Rc6+ Ke5
36.Kd2 Rc4 37.Kd3 Rd4+ 38.Kc3 Kxe4 39.Rxc5 Rd7 40.Rc4+ Ke3 41.Rc6  0-1

[Event "Zuerich op"]
[Site "Zuerich"]
[Date "1987.??.??"]
[Round "3"]
[White "Summermatter, Daniel"]
[Black "Degenhardt, Horst"]
[Result "1-0"]
[WhiteElo "2220"]
[BlackElo "2270"]

1.Nf3 Nf6 2.c4 g6 3.g3 Bg7 4.Bg2 O-O 5.O-O d6 6.Nc3 Nc6 7.Rb1 e5 8.b4 Bf5
9.d3 Qd7 10.b5 Nd4 11.Bg5 Bh3 12.Bxh3 Qxh3 13.Nxd4 exd4 14.Bxf6 Bxf6 15.Nd5 Bd8
16.e4 dxe3 17.fxe3 c6 18.bxc6 bxc6 19.Nf6+ Kg7 20.Qf3 Qe6 21.Ne4 Bb6 22.Rbe1 f6
23.Kg2 Rae8 24.Nf2 d5 25.cxd5 cxd5 26.d4 Ba5 27.Re2 Bc3 28.Rc2 Bb4 29.Nd3 a5
30.Rc7+ Rf7 31.Nf4 Qxe3 32.Nh5+ Kh8 33.Rxf7 Qxf3+ 34.Rxf3 gxh5 35.R3xf6 Re2+
36.Rf2 Re4 37.Rc2  1-0

[Event "Wch U20"]
[Site "Adelaide"]
[Date "1988.??.??"]
[Round "9"]
[White "Blatny, Pavel"]
[Black "Schlosser, Michael"]
[Result "0-1"]
[WhiteElo "2490"]
[BlackElo "2380"]

1.Nf3 Nf6 2.c4 g6 3.g3 Bg7 4.Bg2 O-O 5.O-O d6 6.Nc3 e5 7.b3 e4 8.Ne1 Re8
9.Bb2 c6 10.f3 exf3 11.Nxf3 d5 12.Kh1 d4 13.Na4 Ne4 14.d3 Ng5 15.b4 b6 16.b5 Bh3
17.Bc1 Bxg2+ 18.Kxg2 Nxf3 19.exf3 cxb5 20.cxb5 Qd5 21.Nb2 Qxb5 22.Nc4 Qd5
23.a4 Nd7 24.Rb1 Re6 25.Rf2 Rae8 26.Bd2 h5 27.Na3 Ne5 28.Bf4 Ng4 29.Rc2 g5
30.Rb5 gxf4  0-1

[Event "Almada"]
[Site "Almada"]
[Date "1988.??.??"]
[Round "6"]
[White "Verduga, Denis Homero"]
[Black "Almeida, R."]
[Result "1-0"]
[WhiteElo "2410"]
[BlackElo "2320"]

1.c4 Nf6 2.Nf3 g6 3.g3 Bg7 4.Bg2 O-O 5.O-O d6 6.Nc3 Nc6 7.d3 e5 8.Rb1 a5
9.a3 h6 10.b4 axb4 11.axb4 Be6 12.b5 Ne7 13.Bb2 Qd7 14.Nd2 Rab8 15.Re1 Bh3
16.Bh1 Ng4 17.Qb3 Kh7 18.Rbc1 f5 19.c5 dxc5 20.b6 c6 21.Nd1 Nd5 22.Rxc5 Qe7
23.Rc2 Rfd8 24.Bxd5 Rxd5 25.f3 Rb5 26.Qa3 Qd8 27.fxg4 Ra8 28.Qc3 Rxb2 29.Qxb2 e4
30.Qb4 exd3 31.Rc4 dxe2 32.Nf2 Ra1 33.Nf3 Qd5 34.Nxh3 Qxf3 35.Nf2 Ra2 36.Rf4  1-0

[Event "EU-ch U20"]
[Site "Arnhem"]
[Date "1988.??.??"]
[Round "4"]
[White "Horvath, Csaba"]
[Black "Degraeve, Jean Marc"]
[Result "1/2-1/2"]
[WhiteElo "2390"]
[BlackElo "2315"]

1.Nf3 Nf6 2.g3 g6 3.Bg2 Bg7 4.c4 O-O 5.d4 d6 6.Nc3 c6 7.O-O Bf5 8.Nh4 Be6
9.d5 cxd5 10.cxd5 Bd7 11.Nf3 Na6 12.e4 Nc5 13.e5 dxe5 14.Nxe5 Bf5 15.Re1 Nfd7
16.Nxd7 Qxd7 17.Bg5 Rfe8 18.Bf1 a6 19.Rc1  1/2-1/2

[Event "EU-ch U20"]
[Site "Arnhem"]
[Date "1988.??.??"]
[Round "5"]
[White "Horvath, Csaba"]
[Black "Wahls, Matthias"]
[Result "1/2-1/2"]
[WhiteElo "2390"]
[BlackElo "2460"]

1.Nf3 Nf6 2.g3 g6 3.Bg2 Bg7 4.c4 O-O 5.d4 c6 6.Nc3 d5 7.cxd5 cxd5 8.Ne5 e6
9.Bg5 Qb6 10.Qd2 Nfd7 11.Be3 Nc6 12.Nxc6 bxc6 13.O-O a5 14.b3 Ba6 15.Rfd1 Rfe8
16.Bh6 Bxh6 17.Qxh6 c5 18.Qe3 Qa7 19.dxc5 Nxc5 20.Rac1  1/2-1/2

[Event "NOR-ch"]
[Site "Asker"]
[Date "1988.??.??"]
[Round "2"]
[White "Agdestein, Simen"]
[Black "Djurhuus, Rune"]
[Result "1-0"]
[WhiteElo "2595"]
[BlackElo "2305"]

1.Nf3 Nf6 2.g3 g6 3.Bg2 Bg7 4.c4 O-O 5.d4 d6 6.O-O Nc6 7.Nc3 a6 8.b3 Rb8
9.e3 e5 10.Bb2 Bg4 11.d5 Ne7 12.Qd2 Ne8 13.Ne1 Qd7 14.a4 a5 15.Nd3 Bh3 16.e4 Bxg2
17.Kxg2 h5 18.f4 f6 19.c5 Bh6 20.Qe2 Kh7 21.Ba3 Nc8 22.cxd6 cxd6 23.fxe5 fxe5
24.Nxe5 Qe7 25.Nc4 Rxf1 26.Rxf1 Bg7 27.Nb5 b6 28.e5 Bxe5 29.Nxe5 Qxe5 30.Qxe5 dxe5
31.Rf8  1-0

[Event "NOR-ch"]
[Site "Asker"]
[Date "1988.??.??"]
[Round "2"]
[White "Groenn, Atle"]
[Black "Kristiansen, Erling"]
[Result "1/2-1/2"]
[WhiteElo "2205"]
[BlackElo "2330"]

1.Nf3 Nf6 2.c4 g6 3.g3 Bg7 4.Bg2 O-O 5.O-O d6 6.d4 Nc6 7.d5 Na5 8.Nfd2 c5
9.Nc3 a6 10.Qc2 Bd7 11.b3 b5 12.Bb2 bxc4 13.bxc4 Rb8 14.Rab1 e5 15.Nd1 Qc7
16.Bc3 Rxb1 17.Qxb1 Nb7 18.Qb2 Nh5 19.Ne3 Ra8 20.Bf3 Nf6 21.Rb1 Ra7 22.Nc2 Ne8
23.Qb6 Qxb6 24.Rxb6  1/2-1/2

[Event "GMA-Open"]
[Site "Belgrade"]
[Date "1988.??.??"]
[Round "?"]
[White "Lobron, Eric"]
[Black "Martinovic, Slobodan"]
[Result "1-0"]
[WhiteElo "2530"]
[BlackElo "2440"]

1.Nf3 Nf6 2.c4 g6 3.g3 Bg7 4.Bg2 O-O 5.d4 c6 6.Nc3 d6 7.O-O Qa5 8.h3 Be6
9.Qd3 Qa6 10.b3 d5 11.Ne5 Rd8 12.Bb2 dxc4 13.Nxc4 Nfd7 14.d5 Nc5 15.Qd2 cxd5
16.Nxd5 Bxd5 17.Bxg7 Kxg7 18.Bxd5 Qf6 19.Ne3 h5 20.Rac1 Nba6 21.Qc3 Rac8
22.Qxf6+ Kxf6 23.a3 e6 24.Bf3 Rb8 25.b4 Nb3 26.Rc3 Nd4 27.Rfc1 Rd7 28.Kg2 Rbd8
29.Nc4 b6 30.e4 e5 31.Ne3 Kg7 32.Nd5 Nb5 33.R3c2 Nd4 34.Rc4 f5 35.Ne3 h4
36.exf5 gxf5 37.Bc6  1-0

[Event "GMA-Open"]
[Site "Belgrade"]
[Date "1988.??.??"]
[Round "?"]
[White "Dizdarevic, Emir"]
[Black "Liu Wenzhe"]
[Result "1-0"]
[WhiteElo "2495"]
[BlackElo "2395"]

1.Nf3 Nf6 2.c4 g6 3.g3 Bg7 4.Bg2 O-O 5.O-O c5 6.d4 d6 7.Nc3 Nc6 8.d5 Na5
9.Nd2 Rb8 10.Qc2 e6 11.dxe6 Bxe6 12.b3 Nc6 13.Bb2 Nd4 14.Qc1 Qa5 15.Re1 Bf5
16.e4 Bd7 17.Ne2 Ng4 18.Nxd4 cxd4 19.Nf3 Ne5 20.Qb1 b5 21.cxb5 Nxf3+ 22.Bxf3 Bxb5
23.Be2 f5 24.Bxb5 Qxb5 25.Qd1 Qb4 26.Rc1 fxe4 27.Rxe4 d5 28.Re2 Rf7 29.Rcc2 a5
30.Rcd2 Rc7 31.Bxd4 Rbc8 32.Bxg7 Rc1 33.Re8+ Kxg7 34.Rxc8 Rxd1+ 35.Rxd1 a4
36.bxa4 Qxa4 37.Rxd5 Qxa2 38.Rc7+ Kh6 39.Rcd7 Qe2 40.h3 Qe1+ 41.Kg2 Qe4+
42.Kh2 Qc2 43.Rf7 Qa2 44.Rdd7 Kg5 45.h4+ Kh5 46.Rxh7+ Kg4 47.Rdf7 g5 48.Rhg7 Kh5
49.Rxg5+ Kh6 50.Rgf5 Qe2  1-0

[Event "GMA-Open"]
[Site "Belgrade"]
[Date "1988.??.??"]
[Round "?"]
[White "Khasin, Alexander"]
[Black "Nikolic, Nebojsa"]
[Result "1-0"]
[WhiteElo "2425"]
[BlackElo "2365"]

1.Nf3 Nf6 2.g3 g6 3.Bg2 Bg7 4.c4 O-O 5.Nc3 d6 6.O-O e5 7.d4 Nbd7 8.e4 exd4
9.Nxd4 Nc5 10.h3 Re8 11.Re1 a5 12.Rb1 Nfd7 13.Be3 Ne5 14.b3 a4 15.Re2 axb3
16.axb3 c6 17.Rd2 Qc7 18.Qc2 Na6 19.Na2 Qa5 20.f4 Nd7 21.b4 Qc7 22.Bf2 Nf6
23.Nc3 Bd7 24.g4 h5 25.g5 Nh7 26.Nde2 Rad8 27.Na4 c5 28.bxc5 dxc5 29.Nac3 Nb4
30.Nd5 Nxd5 31.cxd5 Bf8 32.Rc1 Rc8 33.e5 Nxg5 34.fxg5 Qxe5 35.h4 Bd6 36.Qb3 Qh2+
37.Kf1 Rxe2 38.Rxe2 b5 39.Re4 c4 40.Qe3 Bf5 41.Bg1 Qg3 42.Re8+ Kh7 43.Qxg3 Bxg3
44.Re3 Bf4 45.d6 b4 46.Re7 Bd3+ 47.Ke1 Bxd6 48.Rxf7+ Kg8 49.Bd5 Re8+ 50.Re7+  1-0

[Event "GMA-Open"]
[Site "Belgrade"]
[Date "1988.??.??"]
[Round "?"]
[White "Pigusov, Evgeny"]
[Black "Kosanovic, Goran A"]
[Result "1-0"]
[WhiteElo "2530"]
[BlackElo "2395"]

1.Nf3 Nf6 2.c4 g6 3.g3 Bg7 4.Bg2 O-O 5.O-O d6 6.d4 Nc6 7.Nc3 a6 8.b3 Rb8
9.e3 Bd7 10.h3 b5 11.Qe2 Qc8 12.Kh2 Nd8 13.Bb2 bxc4 14.Qxc4 c5 15.dxc5 Ne6
16.Rac1 Nxc5 17.Rfd1 Bb5 18.Nxb5 axb5 19.Qc2 b4 20.Nd4 Rb6 21.a3 bxa3 22.Bxa3 e5
23.b4 exd4 24.bxc5 Ra6 25.Qd3 dxc5 26.Bxc5 Re8 27.Bb6 Qxc1 28.Rxc1 Rxb6 29.Qxd4 Rbe6
30.Rc7 h5 31.Qa7 Rf8 32.Rc6 Ree8 33.Qa6 Ne4 34.Qa2 Kh7 35.Qc2 Nf6 36.Rc7 Rb8
37.Rb7 Rbd8 38.Bf3 Rd6 39.Kg2 Kg8 40.Rc7 Bh6 41.Rc6 Rfd8 42.Qb3 Bg7 43.Rxd6 Rxd6
44.Qb7 Rd2 45.Bc6 Bf8 46.Qb5 Rc2 47.Qa4 Rc5 48.e4 h4 49.g4 Bh6 50.e5 Rxe5
51.f4 Rc5 52.g5 Bxg5 53.fxg5 Rxg5+ 54.Kf2 Rf5+ 55.Ke2 Re5+ 56.Kd3 Rh5 57.Bf3 Rf5
58.Ke2 g5 59.Qd4 Kg7 60.Bc6 Ra5 61.Qc3 Rf5 62.Be4 Rf4 63.Bd3  1-0

[Event "Belgrade (Women)"]
[Site "Belgrade"]
[Date "1988.??.??"]
[Round "8"]
[White "Voiska, Margarita"]
[Black "Micic, Snezana"]
[Result "1/2-1/2"]
[WhiteElo "2315"]
[BlackElo "2080"]

1.Nf3 Nf6 2.c4 g6 3.g3 Bg7 4.Bg2 O-O 5.d4 d6 6.O-O c6 7.Nc3 Qa5 8.h3 Be6
9.d5 cxd5 10.Nd4 Bd7 11.Nb3 Qd8 12.cxd5 a5 13.a4 Na6 14.e4 Rc8 15.Be3 Be8
16.Qe2 Nd7 17.Rfc1 Ndc5  1/2-1/2

[Event "Berlin op"]
[Site "Berlin-West"]
[Date "1988.??.??"]
[Round "2"]
[White "Zysk, Robert"]
[Black "Komljenovic, Davor"]
[Result "1-0"]
[WhiteElo "2395"]
[BlackElo "2450"]

1.Nf3 Nf6 2.c4 g6 3.g3 Bg7 4.Bg2 O-O 5.O-O d6 6.d4 c6 7.b3 a6 8.Bb2 b5 9.Nbd2 Nbd7
10.Re1 Re8 11.Qc2 Bb7 12.c5 Nd5 13.Rac1 a5 14.a3 b4 15.cxd6 exd6 16.Nc4 N7b6
17.Nxb6 Qxb6 18.a4 Rac8 19.Bh3 Rcd8 20.e3 Qa7 21.Bg2 c5 22.Red1 Qa8 23.Ne1 Nc3
24.Bxb7 Qxb7 25.Bxc3 bxc3 26.Qxc3 cxd4 27.exd4 Qd5 28.Qc4 Qf5 29.Kg2 Rb8
30.Nf3 g5 31.h3 h6 32.g4 Qf4 33.Re1 Rf8 34.Qd5 Kh8 35.Rc7 Rbc8 36.Rxc8 Rxc8
37.Re4 Qf6 38.Qxa5 Rb8 39.Qd5 Kg8 40.a5 Qd8 41.a6 Bf8 42.Re1 Qb6 43.Ra1 Qa7
44.Ra5 Rb6 45.Qe4 d5 46.Qxd5 Rxa6 47.Rxa6 Qxa6 48.Ne5 Qf6 49.Qa8 Qd6 50.Qe4 Qe6
51.d5 Qe7 52.Qf5 Bg7 53.Nc4 Qb4 54.Qf3 Bd4 55.d6 Kg7 56.Qe4 Bf6 57.Qd3  1-0

[Event "Berlin op"]
[Site "Berlin-West"]
[Date "1988.??.??"]
[Round "5"]
[White "Cvitan, Ognjen"]
[Black "Zysk, Robert"]
[Result "1/2-1/2"]
[WhiteElo "2500"]
[BlackElo "2395"]

1.Nf3 Nf6 2.c4 g6 3.g3 Bg7 4.Bg2 O-O 5.d4 c6 6.Nc3 d5 7.cxd5 cxd5 8.Ne5 e6
9.Bg5 Qb6 10.Qd2 Nc6 11.Nxc6 Qxc6 12.Rc1 Qd7 13.O-O b6 14.Bh6 Bb7 15.Rc2 Rac8
16.Rfc1 Ne4 17.Nxe4 dxe4 18.Bxg7 Kxg7 19.h4 h5 20.Qe3 Rxc2 21.Rxc2 Rd8 22.Bxe4  1/2-1/2

[Event "Berlin op"]
[Site "Berlin-West"]
[Date "1988.??.??"]
[Round "6"]
[White "Schulz, Klaus Juergen"]
[Black "Neurohr, Stephan"]
[Result "1/2-1/2"]
[WhiteElo "2360"]
[BlackElo "2305"]

1.Nf3 Nf6 2.c4 g6 3.g3 Bg7 4.Bg2 O-O 5.O-O d6 6.d4 Nc6 7.Nc3 a6 8.h3 Rb8
9.Be3 b5 10.Nd2 Bb7 11.Rc1 e5 12.dxe5 Nxe5 13.cxb5 Bxg2 14.Kxg2 axb5 15.b3 Re8
16.Nf3 Nxf3 17.exf3 b4 18.Na4 c5 19.Qd3 Re6 20.Rfd1 Qf8 21.Bf4 Bh6 22.Bxd6 Rxd6
23.Qxd6 Qxd6 24.Rxd6 Bxc1 25.Rxf6 c4 26.bxc4 Ra8 27.Nc5 Rxa2 28.Nd3 Rc2 29.Nxb4 Rxc4
30.Nd3 Rc2 31.f4 Bb2 32.Rb6 Bd4 33.Rd6 Ba7 34.Rd8+ Kg7 35.Rd7 Rd2 36.Rxa7 Rxd3
37.g4 h5 38.gxh5 gxh5 39.Ra5 Kg6 40.Rg5+ Kh6 41.Rg3 Rd4 42.Kf3 Ra4 43.Rg8 Ra3+
44.Kg2 Ra4 45.Kg3 Ra3+ 46.f3 Ra1 47.Rh8+ Kg6 48.Rg8+ Kh6 49.Rg5 Ra4 50.Rb5 Kg6  1/2-1/2